Applying environmental economics in Africa / (Record no. 158459)

MARC details
000 -LEADER
fixed length control field 00863cam a2200253 a 4500
008 - FIXED-LENGTH DATA ELEMENTS--GENERAL INFORMATION
fixed length control field
020 ## - INTERNATIONAL STANDARD BOOK NUMBER
International Standard Book Number 0821331906
050 00 - LIBRARY OF CONGRESS CALL NUMBER
Classification number HC800.Z9
-- CON
003 - CONTROL NUMBER IDENTIFIER
control field
005 - DATE AND TIME OF LATEST TRANSACTION
control field 20230123134017.0
040 ## - CATALOGING SOURCE
Transcribing agency NUST
049 ## - LOCAL HOLDINGS (OCLC)
Holding library MAIN
100 1# - MAIN ENTRY--PERSONAL NAME
Personal name Convery, Frank J.
245 10 - TITLE STATEMENT
Title Applying environmental economics in Africa /
Statement of responsibility, etc. Frank J. Convery.
260 ## - PUBLICATION, DISTRIBUTION, ETC.
Place of publication, distribution, etc. Washington, D.C. :
Name of publisher, distributor, etc. World Bank,
Date of publication, distribution, etc. c1995.
300 ## - PHYSICAL DESCRIPTION
Extent xviii, 157 p. :
Other physical details ill. ;
Dimensions 28 cm.
504 ## - BIBLIOGRAPHY, ETC. NOTE
Bibliography, etc. note Includes bibliographical references (p. 149-153) and index.
650 #0 - SUBJECT ADDED ENTRY--TOPICAL TERM
Topical term or geographic name entry element Environmental economics
Geographic subdivision Africa.
650 #0 - SUBJECT ADDED ENTRY--TOPICAL TERM
Topical term or geographic name entry element Sustainable development
Geographic subdivision Africa.
830 #0 - SERIES ADDED ENTRY--UNIFORM TITLE
Uniform title World Bank technical paper ;
Volume/sequential designation no. 277.
830 #0 - SERIES ADDED ENTRY--UNIFORM TITLE
Uniform title World Bank technical paper.
Name of part/section of a work Africa Technical Department series.
907 ## - LOCAL DATA ELEMENT G, LDG (RLIN)
a .b10164972
b 13-06-05
c 13-06-05
942 ## - ADDED ENTRY ELEMENTS (KOHA)
Koha item type Ordinary Loan Books
Holdings
Date last seen Total Checkouts Full call number Barcode Cost, replacement price Price effective from Koha item type Lost status Source of classification or shelving scheme Damaged status Not for loan Collection Withdrawn status Home library Current library Shelving location Date acquired Cost, normal purchase price
01/23/2023   HC800.Z9 CON 92003011530 80.00 01/23/2023 BOOKS   LCC     NFIC   MAIN MAIN GEN 01/23/2023 80.00